[Event "M.Chigorin Memorial 2017 "]
[Site "?????-?????????"]
[Date "2017.10.29"]
[Round "9"]
[Board "30"]
[White "Gogin, Maksim"]
[Black "Oganian, Miran"]
[Result "0-1"]
[WhiteElo "2296"]
[BlackElo "2454"]
[PlyCount "128"]
[EventDate "2017.10.21"]
[EventRounds "9"]
[EventCountry "RUS"]

1. d4 c5 2. Nf3 cxd4 3. Nxd4 Nc6 4. g3 g6 5. Bg2 Bg7 6. Nxc6 bxc6 7. O-O Nf6 8.
c4 O-O 9. Nc3 Qa5 10. Bd2 Qh5 11. e4 Qxd1 12. Rfxd1 Ng4 13. Be1 d6 14. b3 Ne5
15. f4 Ng4 16. Rd3 Bb7 17. h3 Nh6 18. c5 Rfd8 19. cxd6 exd6 20. Rad1 Bf8 21.
Bf2 Be7 22. e5 d5 23. g4 Ba6 24. Rd4 f5 25. exf6 Bxf6 26. Ra4 Bxc3 27. Rxa6
Rac8 28. Bxa7 Nf7 29. Bc5 Rd7 30. b4 Kg7 31. Rd3 Bb2 32. a4 g5 33. fxg5 Nxg5
34. Be3 Nf7 35. b5 cxb5 36. Rxd5 Re7 37. Rxb5 Ba1 38. Bf4 Rc4 39. Rf5 Bd4+ 40.
Kh2 Rc2 41. Rc6 Ra2 42. Rc7 Rxc7 43. Bxc7 Rxa4 44. Bd5 Nh8 45. h4 Ra7 46. Bb8
Rd7 47. h5 h6 48. Bf4 Bc3 49. Kg2 Bb2 50. Kf3 Ba1 51. Bc4 Kh7 52. Ra5 Bg7 53.
Ra8 Nf7 54. Be6 Rd8 55. Rxd8 Nxd8 56. Bd5 Bc3 57. Ke4 Kg7 58. Be5+ Bxe5 59.
Kxe5 Kf8 60. Kf6 Nf7 61. Bc4 Nd6 62. Be6 Nf7 63. Kg6 Ne5+ 64. Kh7 Ke7  0-1

[Event "M.Chigorin Memorial 2017 "]
[Site "?????-?????????"]
[Date "2017.10.29"]
[Round "9"]
[Board "31"]
[White "Sukhareva, Evgeniya"]
[Black "Sakaev, Konstantin"]
[Result "0-1"]
[WhiteElo "2207"]
[BlackElo "2594"]
[PlyCount "94"]
[EventDate "2017.10.21"]
[EventRounds "9"]
[EventCountry "RUS"]

1. d4 Nf6 2. c4 e6 3. Nc3 Bb4 4. Qc2 b6 5. e4 c5 6. a3 Bxc3+ 7. bxc3 Nc6 8. Nf3
d6 9. Bd3 e5 10. d5 Na5 11. O-O h6 12. Nd2 Nh5 13. g3 Bh3 14. Re1 Qd7 15. Be2
Nf6 16. Qd3 O-O-O 17. Rb1 Nh7 18. Nb3 Nxb3 19. Rxb3 f5 20. f3 fxe4 21. fxe4
Rhf8 22. Be3 Nf6 23. Bf3 Rf7 24. Rb5 Rdf8 25. a4 Ng4 26. Be2 Nf2 27. Qc2 Bg4
28. Bxg4 Nxg4 29. Kg2 Rf1 30. Rbb1 Qf7 31. Qe2 Qf3+ 32. Qxf3 R1xf3 33. Bg1 Rxc3
34. Rbc1 Rff3 35. a5 Kb7 36. axb6 axb6 37. Ra1 Ra3 38. Rab1 Rfb3 39. Rbc1 Nf6
40. Re2 Rc3 41. Rce1 Rxc4 42. h3 Rca4 43. Bf2 Ra2 44. Rxa2 Rxa2 45. g4 b5 46.
Kf3 b4 47. h4 Nxg4  0-1

[Event "M.Chigorin Memorial 2017 "]
[Site "?????-?????????"]
[Date "2017.10.29"]
[Round "9"]
[Board "32"]
[White "Payen, Arnaud"]
[Black "Ismagambetov, Anuar"]
[Result "0-1"]
[WhiteElo "2335"]
[BlackElo "2553"]
[PlyCount "148"]
[EventDate "2017.10.21"]
[EventRounds "9"]
[EventCountry "RUS"]

1. d4 Nf6 2. Nf3 g6 3. Bf4 Bg7 4. e3 O-O 5. Be2 d6 6. O-O Nfd7 7. Nc3 e5 8. Bg3
Nc6 9. Bh4 f6 10. dxe5 dxe5 11. Bb5 Nb6 12. Qxd8 Nxd8 13. a4 a5 14. Nd2 Be6 15.
f3 Nc6 16. Nce4 Nb4 17. Nc5 Bf7 18. Rfc1 c6 19. Be2 Rfb8 20. Nde4 f5 21. Nd6 e4
22. c3 N4d5 23. Nxf7 Kxf7 24. fxe4 Bf8 25. exd5 Bxc5 26. dxc6 Bxe3+ 27. Bf2
Bxf2+ 28. Kxf2 bxc6 29. b3 Nd7 30. Bc4+ Kf6 31. Rd1 Ne5 32. Rd6+ Kg5 33. Be6
Ra7 34. h3 Re7 35. Re1 Rxe6 36. Rxe6 Nd3+ 37. Ke2 Nxe1 38. Kxe1 Rxb3 39. Rxc6
Kf4 40. Kd2 Ra3 41. g4 Rxa4 42. gxf5 Kxf5 43. Ke3 Rh4 44. Rc5+ Ke6 45. Rxa5
Rxh3+ 46. Kd4 Rh4+ 47. Kd3 Rg4 48. c4 h5 49. Ra6+ Ke5 50. Ra5+ Kd6 51. Ra6+ Kc5
52. Ra5+ Kb6 53. Re5 h4 54. Ke3 h3 55. Kf3 h2 56. Kxg4 h1=Q 57. Re6+ Kc5 58.
Rxg6 Qe4+ 59. Kg5 Kxc4 60. Rf6 Kd5 61. Rf5+ Ke6 62. Rf4 Qd5+ 63. Kh4 Ke5 64.
Rg4 Qd2 65. Rg5+ Kf4 66. Kh5 Qe2+ 67. Kh6 Qe3 68. Rg7 Kf5+ 69. Kh7 Qe4 70. Rg6
Qe8 71. Ra6 Qd7+ 72. Kh6 Qc8 73. Ra5+ Kf6 74. Ra7 Qh3#  0-1

[Event "M.Chigorin Memorial 2017 "]
[Site "?????-?????????"]
[Date "2017.10.29"]
[Round "9"]
[Board "33"]
[White "Golubov, Saveliy"]
[Black "Ahmadzada, Ahmad"]
[Result "1-0"]
[WhiteElo "2501"]
[BlackElo "2345"]
[PlyCount "55"]
[EventDate "2017.10.21"]
[EventRounds "9"]
[EventCountry "RUS"]

1. d4 Nf6 2. Nf3 c5 3. e3 b6 4. Bd3 Bb7 5. O-O e6 6. b3 Be7 7. Bb2 O-O 8. Nbd2
Nc6 9. c4 d6 10. a3 Qc7 11. Rc1 a6 12. Nb1 e5 13. Nc3 exd4 14. exd4 Nxd4 15.
Nxd4 cxd4 16. Ne2 d5 17. Nxd4 Bd6 18. h3 Bh2+ 19. Kh1 Be5 20. f4 Bxd4 21. Bxd4
dxc4 22. Rxc4 Qd8 23. Bb2 Qd5 24. Qc2 Rad8 25. Rf3 b5 26. Rc7 Ne8 27. Rg3 g6
28. Bxg6  1-0

[Event "M.Chigorin Memorial 2017 "]
[Site "?????-?????????"]
[Date "2017.10.29"]
[Round "9"]
[Board "34"]
[White "Soffer, Ram"]
[Black "Askerov, Marat"]
[Result "0-1"]
[WhiteElo "2500"]
[BlackElo "2332"]
[PlyCount "86"]
[EventDate "2017.10.21"]
[EventRounds "9"]
[EventCountry "RUS"]

1. c4 Nf6 2. Nc3 e6 3. e4 e5 4. Nf3 Nc6 5. d3 Bc5 6. Nxe5 Nxe5 7. d4 Bb4 8.
dxe5 Nxe4 9. Qd4 f5 10. Be3 d6 11. exd6 O-O 12. O-O-O Nxc3 13. bxc3 Ba3+ 14.
Kc2 cxd6 15. Qd5+ Kh8 16. Kb3 f4 17. Bd4 Rf5 18. Qe4 Ra5 19. Bd3 Bf5 20. Qxf4
Qe8 21. Bxg7+ Kxg7 22. Qg5+ Kh8 23. Qf6+ Kg8 24. Qg5+ Qg6 25. Qxg6+ Bxg6 26.
Rhe1 Bc5 27. Bxg6 hxg6 28. Re7 b5 29. Rd2 d5 30. Rb7 bxc4+ 31. Kb2 Re8 32. Rd7
Rb5+ 33. Kc2 Ba3 34. R2xd5 Rb2+ 35. Kd1 Rxf2 36. Rd8 Rxd8 37. Rxd8+ Bf8 38. Rc8
Rxg2 39. Rxc4 Rxa2 40. h4 Kg7 41. Kc1 Kh6 42. Kb1 Ra5 43. Kb2 Be7  0-1

[Event "M.Chigorin Memorial 2017 "]
[Site "?????-?????????"]
[Date "2017.10.29"]
[Round "9"]
[Board "35"]
[White "Aliyev, Ravan"]
[Black "Kobo, Ori"]
[Result "0-1"]
[WhiteElo "2341"]
[BlackElo "2460"]
[PlyCount "160"]
[EventDate "2017.10.21"]
[EventRounds "9"]
[EventCountry "RUS"]

1. d4 Nf6 2. c4 e6 3. Nc3 Bb4 4. a3 Bxc3+ 5. bxc3 O-O 6. f3 Nh5 7. Nh3 f5 8. e3
d6 9. Nf2 b6 10. Be2 Ba6 11. a4 Nc6 12. Ba3 Na5 13. c5 Bxe2 14. Qxe2 bxc5 15.
dxc5 d5 16. f4 Nf6 17. Nd3 Nc4 18. c6 Nxa3 19. Rxa3 Qd6 20. Ra1 Qxc6 21. O-O
Qc4 22. Qc2 Rab8 23. Ne5 Qc5 24. Qd3 Rb3 25. Rfc1 Qd6 26. Nf3 c5 27. Nd2 Rbb8
28. c4 d4 29. Nf3 Rfd8 30. Rd1 Ne4 31. exd4 Qxf4 32. d5 exd5 33. cxd5 Rb2 34.
Rdb1 c4 35. Qa3 Rxb1+ 36. Rxb1 c3 37. Re1 Qd6 38. Qxd6 Rxd6 39. Nd4 g6 40. Nc6
Kf7 41. Nxa7 Rxd5 42. Nc6 Rc5 43. Nd4 Rc4 44. Nb5 Rxa4 45. Rc1 Rc4 46. Kf1 Rc5
47. Nd4 Rd5 48. Ne2 Rd3 49. Nf4 Rd8 50. Ne2 Rc8 51. Nd4 Kf6 52. Ke2 Rd8 53. Ke3
Ra8 54. g4 Ra2 55. gxf5 gxf5 56. Rf1 Nd6 57. h4 Rd2 58. Ne2 Nc4+ 59. Kf3 Rd3+
60. Kf2 Nd2 61. Ra1 Ne4+ 62. Kg2 Ke5 63. Ra5+ Rd5 64. Ra7 h6 65. Rc7 Rd2 66.
Kf3 Rd3+ 67. Kg2 Re3 68. Ng1 Kd6 69. Rc8 Nc5 70. Rd8+ Kc7 71. Rd4 Re4 72. Rd5
Kc6 73. Rd1 Kb5 74. Nf3 Kc4 75. Rc1 Rg4+ 76. Kf1 Rf4 77. Ke2 Re4+ 78. Kf1 Nb3
79. Rc2 Rf4 80. Ke2 Rxf3  0-1

[Event "M.Chigorin Memorial 2017 "]
[Site "?????-?????????"]
[Date "2017.10.29"]
[Round "9"]
[Board "36"]
[White "Vaishali, R"]
[Black "Kezin, Roman"]
[Result "0-1"]
[WhiteElo "2330"]
[BlackElo "2455"]
[PlyCount "146"]
[EventDate "2017.10.21"]
[EventRounds "9"]
[EventCountry "RUS"]

1. e4 c5 2. Nf3 e6 3. d4 cxd4 4. Nxd4 Nc6 5. Nc3 Qc7 6. Be2 a6 7. O-O Nf6 8.
Be3 Be7 9. f4 d6 10. a4 O-O 11. Kh1 Re8 12. Bf3 Bf8 13. Nb3 b6 14. a5 bxa5 15.
e5 dxe5 16. fxe5 Rd8 17. Nd4 Nxd4 18. Bxd4 Bb7 19. exf6 e5 20. fxg7 Bxg7 21.
Bxb7 Qxb7 22. Ne2 exd4 23. Nf4 Qxb2 24. Rxa5 Rac8 25. Rg5 Kh8 26. Nh5 d3 27.
cxd3 Bh6 28. Rgf5 Rc1 29. Qa4 Qb1 30. Ng3 Rxf1+ 31. Rxf1 Qxd3 32. Re1 Qb5 33.
Qe4 Bg7 34. Nf5 Qe5 35. Qh4 Qf6 36. Qa4 Bf8 37. Qa5 Rb8 38. Ng3 Bb4 39. Qc7 Qd6
40. Qxd6 Bxd6 41. Nf5 Bb4 42. Ra1 Bc3 43. Rc1 a5 44. g4 Bd2 45. Rc7 Ra8 46. Rc2
Bf4 47. Rc4 Be5 48. Ra4 Bc3 49. Kg2 Bb4 50. h4 Rc8 51. Ra2 Kg8 52. Rf2 Rc7 53.
Ra2 Kf8 54. Kf3 Rc3+ 55. Ke4 Rc4+ 56. Kd5 Rxg4 57. Rc2 Ke8 58. Rc8+ Kd7 59. Ra8
Kc7 60. Ra7+ Kb6 61. Rxf7 a4 62. Nd4 a3 63. Rf6+ Ka5 64. Nc6+ Ka4 65. Nd4 Rxh4
66. Rf2 Bc3 67. Ne6 Kb4 68. Nf4 Kb3 69. Ne2 Bb2 70. Rf3+ Kb4 71. Rf8 a2 72.
Rb8+ Ka3 73. Ra8+ Ra4  0-1

[Event "M.Chigorin Memorial 2017 "]
[Site "?????-?????????"]
[Date "2017.10.29"]
[Round "9"]
[Board "37"]
[White "Malakhov, Igor"]
[Black "Donskov, Anatoly"]
[Result "1/2-1/2"]
[WhiteElo "2446"]
[BlackElo "2308"]
[PlyCount "61"]
[EventDate "2017.10.21"]
[EventRounds "9"]
[EventCountry "RUS"]

1. e4 c5 2. b3 Nc6 3. Bb2 d6 4. Bb5 Bd7 5. f4 e6 6. Nf3 Nf6 7. Nc3 a6 8. Bxc6
Bxc6 9. Qe2 Be7 10. O-O-O Qc7 11. Kb1 b5 12. e5 dxe5 13. Nxe5 O-O 14. Nxc6 Qxc6
15. Rhe1 Ra7 16. Ne4 Nxe4 17. Qxe4 Qxe4 18. Rxe4 Rd8 19. d3 h5 20. Rde1 Rd5 21.
a4 Rad7 22. R1e2 Kh7 23. Kc1 Rf5 24. Kd1 g5 25. fxg5 Bxg5 26. g4 Rf1+ 27. Re1
Rf2 28. R1e2 Rf1+ 29. Re1 Rf2 30. R1e2 Rf1+ 31. Re1  1/2-1/2

[Event "M.Chigorin Memorial 2017 "]
[Site "?????-?????????"]
[Date "2017.10.29"]
[Round "9"]
[Board "38"]
[White "Khlebovich, Alexander"]
[Black "Palchun, Grigory"]
[Result "0-1"]
[WhiteElo "2326"]
[BlackElo "2441"]
[PlyCount "76"]
[EventDate "2017.10.21"]
[EventRounds "9"]
[EventCountry "RUS"]

1. d4 Nf6 2. Nf3 e6 3. g3 b6 4. Bg2 Bb7 5. c4 d5 6. O-O Be7 7. Ne5 Nfd7 8. Bf4
Nxe5 9. Bxe5 O-O 10. Nc3 c6 11. cxd5 cxd5 12. Rc1 Nc6 13. Bf4 Qd7 14. e4 dxe4
15. d5 exd5 16. Qxd5 Qxd5 17. Nxd5 Bc5 18. Bxe4 Rae8 19. Bg2 Nd4 20. Rxc5 bxc5
21. Bd6 Bxd5 22. Bxd5 Rd8 23. Bxf8 Rxd5 24. Be7 a5 25. a3 a4 26. Kh1 Nb3 27.
Re1 f6 28. Kg2 Kf7 29. Re4 Rd7 30. Bxf6 Kxf6 31. Rxa4 Rd2 32. Ra6+ Ke5 33. Ra7
Rxb2 34. Rxg7 c4 35. Rc7 Kd4 36. Rd7+ Ke4 37. Re7+ Kd3 38. Rxh7 c3  0-1

[Event "M.Chigorin Memorial 2017 "]
[Site "?????-?????????"]
[Date "2017.10.29"]
[Round "9"]
[Board "39"]
[White "Davtyan, Artur"]
[Black "Bodnaruk, Anastasia"]
[Result "1-0"]
[WhiteElo "2318"]
[BlackElo "2432"]
[PlyCount "79"]
[EventDate "2017.10.21"]
[EventRounds "9"]
[EventCountry "RUS"]

1. d4 Nf6 2. c4 e6 3. Nf3 b6 4. g3 Bb4+ 5. Bd2 Bxd2+ 6. Qxd2 Ba6 7. Qc2 c5 8.
Bg2 Bb7 9. O-O O-O 10. Rd1 Qe7 11. Nc3 d6 12. e4 e5 13. dxe5 dxe5 14. Nd5 Bxd5
15. exd5 Qd6 16. Re1 Nbd7 17. Re2 Rae8 18. Rae1 Re7 19. Qa4 Qb8 20. Rd1 Rd8 21.
Nh4 g6 22. Qc2 Qd6 23. Rde1 Rde8 24. Nf3 Nh5 25. Ng5 f5 26. Qa4 e4 27. Bxe4
fxe4 28. Nxe4 Qe5 29. d6 Rf7 30. Nc3 Qxd6 31. Rxe8+ Nf8 32. Nd5 Nf6 33. R8e7
Rxe7 34. Nxe7+ Kg7 35. Qxa7 Kh6 36. Nc8 Qd2 37. Qe7 N8d7 38. Qe3+ Qxe3 39. Rxe3
Ng4 40. Re7  1-0

[Event "M.Chigorin Memorial 2017 "]
[Site "?????-?????????"]
[Date "2017.10.29"]
[Round "9"]
[Board "40"]
[White "Timerkhanov, Alexander"]
[Black "Nechaeva, Marina"]
[Result "1-0"]
[WhiteElo "2312"]
[BlackElo "2431"]
[PlyCount "61"]
[EventDate "2017.10.21"]
[EventRounds "9"]
[EventCountry "RUS"]

1. Nf3 d5 2. c4 c6 3. e3 Nf6 4. b3 Bg4 5. Bb2 e6 6. Be2 Nbd7 7. h3 Bh5 8. O-O
Be7 9. d4 Ne4 10. Nfd2 Bxe2 11. Qxe2 Ndf6 12. Nc3 Nxc3 13. Bxc3 O-O 14. Rad1 a5
15. e4 dxe4 16. Nxe4 Nxe4 17. Qxe4 Bf6 18. a4 Qb6 19. Qc2 Rfd8 20. Qb2 Rd7 21.
Rd3 Qd8 22. Rfd1 h6 23. Qe2 Qc7 24. Qg4 Re8 25. Rf3 Kf8 26. Qh5 b6 27. Rxf6
gxf6 28. Qxh6+ Ke7 29. Re1 Rg8 30. d5 e5 31. Qh4  1-0

[Event "M.Chigorin Memorial 2017 "]
[Site "?????-?????????"]
[Date "2017.10.29"]
[Round "9"]
[Board "41"]
[White "Erenberg, Ariel"]
[Black "Evdokimov, Alexey"]
[Result "0-1"]
[WhiteElo "2401"]
[BlackElo "2280"]
[PlyCount "70"]
[EventDate "2017.10.21"]
[EventRounds "9"]
[EventCountry "RUS"]

1. d4 Nf6 2. c4 g6 3. Nc3 Bg7 4. e4 d6 5. f3 O-O 6. Be3 c5 7. Nge2 b6 8. Qd2
Ba6 9. b3 e6 10. d5 exd5 11. exd5 Re8 12. Kf2 Nbd7 13. Nf4 Rxe3 14. Kxe3 Bh6
15. Nce2 Nh5 16. Rd1 Ne5 17. Kf2 Nxf4 18. Nxf4 Qf6 19. g3 g5 20. Nd3 Nxf3 21.
Qb2 Nd4+ 22. Kg1 Re8 23. Qf2 Nf3+ 24. Kg2 g4 25. Be2 Be3 26. Qf1 Bc8 27. h3
gxh3+ 28. Rxh3 Bxh3+ 29. Kxh3 Qh6+ 30. Kg2 Qh2+ 31. Kxf3 Bd4 32. Kg4 h5+ 33.
Kf4 Rxe2 34. Qf3 Re3 35. Qf2 Qh3  0-1

[Event "M.Chigorin Memorial 2017 "]
[Site "?????-?????????"]
[Date "2017.10.29"]
[Round "9"]
[Board "42"]
[White "Bryakin, Mikhail"]
[Black "Rjabzev, Konstantin"]
[Result "0-1"]
[WhiteElo "2391"]
[BlackElo "2270"]
[PlyCount "70"]
[EventDate "2017.10.21"]
[EventRounds "9"]
[EventCountry "RUS"]

1. d4 d6 2. c4 e5 3. Nc3 exd4 4. Qxd4 Nc6 5. Qd1 g6 6. g3 Bg7 7. Bg2 Nge7 8. e3
O-O 9. Nge2 Be6 10. Nd5 Ne5 11. Nd4 Bg4 12. f3 Bd7 13. Qc2 c5 14. Ne2 Nxd5 15.
cxd5 Qa5+ 16. Bd2 Qa6 17. Bc3 Nd3+ 18. Kd2 Nb4 19. Bxb4 cxb4 20. Qb3 Rfe8 21.
Nf4 Qb6 22. Rhe1 Bh6 23. a3 a5 24. axb4 axb4 25. Rxa8 Rxa8 26. Nd3 Ra5 27. f4
Bg7 28. Rc1 h5 29. Rc4 Ra1 30. Rxb4 Qa5 31. Ke2 Rg1 32. Kf2 Qa1 33. Rc4 Rxg2+
34. Kxg2 Bh3+ 35. Kf3 Qf1+  0-1

[Event "M.Chigorin Memorial 2017 "]
[Site "?????-?????????"]
[Date "2017.10.29"]
[Round "9"]
[Board "43"]
[White "Remizov, Yaroslav"]
[Black "Gubajdullin, Alexei"]
[Result "0-1"]
[WhiteElo "2306"]
[BlackElo "2391"]
[PlyCount "106"]
[EventDate "2017.10.21"]
[EventRounds "9"]
[EventCountry "RUS"]

1. e4 g6 2. d4 Bg7 3. Nc3 d6 4. Bg5 a6 5. Qd2 b5 6. O-O-O h6 7. Be3 b4 8. Nd5
a5 9. h4 e6 10. Nf4 Nf6 11. f3 Nfd7 12. h5 g5 13. Nfh3 Bb7 14. Bd3 Nc6 15. Ne2
a4 16. Kb1 Ra5 17. Rdf1 f5 18. exf5 exf5 19. g4 f4 20. Bg6+ Kf8 21. Bxf4 gxf4
22. Nexf4 Nxd4 23. Re1 Re5 24. Qxb4 Nc5 25. Qc4 Qe7 26. Be4 Bxe4 27. fxe4 Re6
28. Rhf1 Ke8 29. Ng6 Rxg6 30. hxg6 Qe5 31. c3 Nde6 32. Rf7 Kd8 33. Qb5 Kc8 34.
Qa5 Kb8 35. Nf4 Rf8 36. Qb5+ Kc8 37. Nxe6 Nxe6 38. Qd7+ Kb7 39. Re7 Rf2 40. Rc1
Qxe4+ 41. Ka1 Qe2 42. Rb1 a3 43. bxa3+ Ka7 44. Qa4+ Qa6 45. Qb3 Qc6 46. Rc1 Nd4
47. Qd1 Nc2+ 48. Rxc2 Bxc3+ 49. Kb1 Qb5+ 50. Kc1 Bb2+ 51. Kb1 Bf6+ 52. Kc1 Bg5+
53. Rd2 Bxd2+  0-1

[Event "M.Chigorin Memorial 2017 "]
[Site "?????-?????????"]
[Date "2017.10.29"]
[Round "9"]
[Board "44"]
[White "Meribanov, Vitaly"]
[Black "Klepikov, Nikita"]
[Result "1-0"]
[WhiteElo "2386"]
[BlackElo "2272"]
[PlyCount "65"]
[EventDate "2017.10.21"]
[EventRounds "9"]
[EventCountry "RUS"]

1. e4 e5 2. Nf3 Nc6 3. Bc4 Nf6 4. Ng5 d5 5. exd5 Na5 6. Bb5+ c6 7. dxc6 bxc6 8.
Bd3 Nd5 9. Nf3 Nf4 10. O-O Nxd3 11. cxd3 f6 12. d4 exd4 13. Re1+ Kf7 14. d3 Rb8
15. Bd2 Bb4 16. Qa4 c5 17. a3 Bxd2 18. Nbxd2 Bd7 19. Qc2 Qb6 20. b4 cxb4 21.
axb4 Nc6 22. Qc4+ Kg6 23. Nh4+ Kh6 24. Ne4 Ne5 25. Qc1+ g5 26. Nxg5 Nxd3 27.
Qd2 fxg5 28. Qxd3 Rhe8 29. Nf5+ Bxf5 30. Qxf5 Qd6 31. h4 gxh4 32. Qf7 Re5 33.
Qf4+  1-0

[Event "M.Chigorin Memorial 2017 "]
[Site "?????-?????????"]
[Date "2017.10.29"]
[Round "9"]
[Board "45"]
[White "Artamonov, Valery"]
[Black "Litvinov, Maxim"]
[Result "1-0"]
[WhiteElo "2273"]
[BlackElo "2373"]
[PlyCount "111"]
[EventDate "2017.10.21"]
[EventRounds "9"]
[EventCountry "RUS"]

1. c4 e5 2. Nc3 Nf6 3. g3 Nc6 4. Bg2 Bc5 5. e3 O-O 6. Nge2 a6 7. O-O d6 8. a3
Ba7 9. b4 Ne7 10. d4 c6 11. Bb2 Be6 12. Qd3 Qc7 13. Rac1 Rad8 14. e4 Qb8 15. d5
Bd7 16. h3 b5 17. dxc6 Bxc6 18. Nd5 Nfxd5 19. cxd5 Bd7 20. Kh2 Rc8 21. f4 f6
22. Bf3 Qb6 23. Bg4 Bxg4 24. hxg4 Qe3 25. Rf3 Qxd3 26. Rxd3 Rxc1 27. Bxc1 Rc8
28. Rc3 Rxc3 29. Nxc3 Nc8 30. Kg2 Nb6 31. Be3 Na4 32. Bxa7 Nxc3 33. Kf3 Nb1 34.
Bb8 Nxa3 35. Bxd6 Nc4 36. Bc5 Kf7 37. g5 Nd2+ 38. Ke3 Nf1+ 39. Kf2 Nd2 40. Ke3
Nf1+ 41. Kd3 Nxg3 42. fxe5 fxe5 43. Bd6 Nh1 44. Ke3 Ng3 45. Bxe5 Nh5 46. Kf3
Ke7 47. Kg4 g6 48. Bd4 Kd6 49. Bc3 Kc7 50. Bh8 Kd6 51. Kf3 Ke7 52. e5 Kd7 53.
Bf6 Kc7 54. e6 Kd6 55. Bd4 Ke7 56. Be5  1-0

[Event "M.Chigorin Memorial 2017 "]
[Site "?????-?????????"]
[Date "2017.10.29"]
[Round "9"]
[Board "46"]
[White "Palachev, Petr"]
[Black "Murzin, Volodar"]
[Result "0-1"]
[WhiteElo "2372"]
[BlackElo "2270"]
[PlyCount "80"]
[EventDate "2017.10.21"]
[EventRounds "9"]
[EventCountry "RUS"]

1. b3 Nf6 2. Bb2 g6 3. c4 Bg7 4. g3 O-O 5. Bg2 c5 6. Nf3 Nc6 7. O-O d6 8. Nc3
Bf5 9. d3 Qd7 10. Qd2 Bh3 11. Rfd1 Bxg2 12. Kxg2 e5 13. e3 d5 14. cxd5 Nxd5 15.
Rac1 b6 16. a3 Rad8 17. Qc2 a5 18. Nxd5 Qxd5 19. e4 Qe6 20. Qc4 Rd6 21. Qxe6
fxe6 22. Rc4 Rd7 23. Ne1 Rdf7 24. f3 h5 25. Bc3 g5 26. Rd2 g4 27. fxg4 hxg4 28.
Re2 Bh6 29. Nc2 Rf3 30. b4 axb4 31. axb4 Rxd3 32. Be1 Nd4 33. Nxd4 cxd4 34. Rc6
Rdf3 35. Rf2 Be3 36. Rxf3 gxf3+ 37. Kh3 d3 38. Rd6 d2 39. Bf2 Bxf2 40. Rxd2 Be1
 0-1

[Event "M.Chigorin Memorial 2017 "]
[Site "?????-?????????"]
[Date "2017.10.29"]
[Round "9"]
[Board "47"]
[White "Maltsevskaya, Aleksandra"]
[Black "Yatzenko, Anton"]
[Result "1-0"]
[WhiteElo "2260"]
[BlackElo "2365"]
[PlyCount "51"]
[EventDate "2017.10.21"]
[EventRounds "9"]
[EventCountry "RUS"]

1. e4 d6 2. d4 Nf6 3. Bd3 e5 4. Nf3 exd4 5. Nxd4 g6 6. O-O Bg7 7. c3 O-O 8. Nd2
Re8 9. Re1 Nbd7 10. Bc2 d5 11. exd5 Rxe1+ 12. Qxe1 Nxd5 13. N2f3 h6 14. Bxg6
fxg6 15. Qe6+ Kh7 16. Qxd5 Qf6 17. Bg5 hxg5 18. Nxg5+ Kh6 19. Ndf3 Bf8 20. Qc4
Bd6 21. Qh4+ Kg7 22. Qh7+ Kf8 23. Re1 Ne5 24. Nxe5 Bxe5 25. Rxe5 Bf5 26. Re7
 1-0

[Event "M.Chigorin Memorial 2017 "]
[Site "?????-?????????"]
[Date "2017.10.29"]
[Round "9"]
[Board "48"]
[White "Tsoi, Dmitry"]
[Black "Dimitrova, Aleksandra"]
[Result "1-0"]
[WhiteElo "2361"]
[BlackElo "2262"]
[PlyCount "171"]
[EventDate "2017.10.21"]
[EventRounds "9"]
[EventCountry "RUS"]

1. e4 c5 2. Nf3 e6 3. d3 Nc6 4. Be2 Nf6 5. O-O Be7 6. c3 Qc7 7. Nbd2 d5 8. Qc2
O-O 9. a3 e5 10. b4 cxb4 11. cxb4 a6 12. Bb2 d4 13. Nc4 Nd7 14. Rac1 Qb8 15.
Qb3 b5 16. Ne3 Bb7 17. Nd5 Bd8 18. Nd2 Nb6 19. Bf3 Ne7 20. Nxe7+ Bxe7 21. Bg4
Bg5 22. Rc2 Bc8 23. f3 Qd6 24. Qa2 Bxg4 25. fxg4 Be3+ 26. Kh1 Bxd2 27. Rxd2 Qe6
28. Qxe6 fxe6 29. Kg1 Rac8 30. Rxf8+ Kxf8 31. Rd1 Rc2 32. Rf1+ Ke7 33. Rf2 Rc8
34. Rf1 Na4 35. Rc1 Rf8 36. Ba1 Kd7 37. Rc2 Ra8 38. Kf2 a5 39. bxa5 Rxa5 40.
Ke1 Kd6 41. Ke2 Ra8 42. h4 Rf8 43. g3 Ra8 44. g5 g6 45. Rc1 Rf8 46. h5 gxh5 47.
Rh1 Nc3+ 48. Bxc3 dxc3 49. Rc1 Rc8 50. Rc2 Ke7 51. Kd1 Kf7 52. Rf2+ Kg6 53.
Rf6+ Kxg5 54. Rxe6 c2+ 55. Kc1 Rc5 56. Re7 Kg6 57. Re6+ Kg5 58. Re7 Kg4 59.
Rxh7 Kf3 60. Rxh5 Ke3 61. g4 Kxd3 62. g5 Kxe4 63. g6 Rc8 64. g7 Rg8 65. Rg5 Kd3
66. Rg3+ Ke2 67. Kxc2 e4 68. Rg2+ Kf3 69. Rg6 e3 70. Kd1 Kf2 71. Rf6+ Kg3 72.
Rf7 Kg4 73. Rb7 Kf3 74. Ke1 Ke4 75. Ke2 Kd4 76. Re7 Kc4 77. Kxe3 Kb3 78. Ra7
Kc4 79. Ke4 Kb3 80. Kd4 Rd8+ 81. Kc5 Rb8 82. Rf7 Rg8 83. Kxb5 Kxa3 84. Kc4 Kb2
85. Kd5 Kc3 86. Ke6  1-0

[Event "M.Chigorin Memorial 2017 "]
[Site "?????-?????????"]
[Date "2017.10.29"]
[Round "9"]
[Board "49"]
[White "Korennoi, Viktor"]
[Black "Naboka, Sergey"]
[Result "1-0"]
[WhiteElo "2227"]
[BlackElo "2351"]
[PlyCount "101"]
[EventDate "2017.10.21"]
[EventRounds "9"]
[EventCountry "RUS"]

1. d4 f5 2. g3 Nf6 3. Bg2 g6 4. Nh3 Bg7 5. c4 d6 6. Nc3 c6 7. d5 e5 8. dxe6
Bxe6 9. Bf4 Bxc4 10. Qxd6 Qxd6 11. Bxd6 Na6 12. Rc1 O-O-O 13. Bf4 Rhe8 14. b3
Nb4 15. Be3 Bg8 16. O-O Nfd5 17. Nxd5 Bxd5 18. a3 Bxg2 19. Kxg2 Nd5 20. Bg5 Rd6
21. Ng1 h6 22. Bd2 g5 23. Rc2 g4 24. Rb1 Kd7 25. e3 Be5 26. Ne2 h5 27. h4 gxh3+
28. Kxh3 Rg8 29. Ng1 Rdg6 30. Be1 h4 31. Nf3 Bf6 32. gxh4 Rg4 33. Rd1 Ke8 34.
Rc4 Nb6 35. Rc5 Nd5 36. Rcxd5 cxd5 37. Rxd5 f4 38. e4 Be7 39. h5 a6 40. a4 R4g7
41. Bc3 Rh7 42. b4 Rh6 43. b5 Re6 44. Re5 Kd7 45. Rxe6 Kxe6 46. Nd4+ Kf7 47.
Nf5 Rc8 48. Be5 Ke6 49. Nxe7 Kxe7 50. h6 Ke6 51. Bb2  1-0

[Event "M.Chigorin Memorial 2017 "]
[Site "?????-?????????"]
[Date "2017.10.29"]
[Round "9"]
[Board "50"]
[White "Nesterov, Arseniy"]
[Black "Anchutin, Nikita"]
[Result "1-0"]
[WhiteElo "2350"]
[BlackElo "2219"]
[PlyCount "85"]
[EventDate "2017.10.21"]
[EventRounds "9"]
[EventCountry "RUS"]

1. d4 d5 2. c4 c6 3. Nf3 Nf6 4. Nc3 dxc4 5. a4 Bf5 6. e3 e6 7. Bxc4 Bb4 8. O-O
Nbd7 9. Nh4 Bg4 10. f3 Bh5 11. g4 Bg6 12. e4 Qa5 13. Na2 Nb6 14. Bb3 Rd8 15.
Nxb4 Qxb4 16. a5 Rxd4 17. Qc2 Nbd7 18. Nxg6 hxg6 19. g5 Nh5 20. Be3 Nc5 21. Ra3
e5 22. Rc1 Nxb3 23. Rxb3 Qe7 24. a6 O-O 25. axb7 Rb4 26. Rxb4 Qxb4 27. Bc5 Qxb7
28. Bxf8 Kxf8 29. Qxc6 Qxc6 30. Rxc6 Nf4 31. Rc8+ Ke7 32. Rc7+ Ke6 33. Rxa7
Nh3+ 34. Kf1 Nxg5 35. Ke2 Kf6 36. b4 Ne6 37. Kd3 Nd4 38. Kc4 Ke6 39. b5 Nxf3
40. b6 Nd2+ 41. Kd3 Nb3 42. b7 Nc5+ 43. Ke3  1-0

[Event "M.Chigorin Memorial 2017 "]
[Site "?????-?????????"]
[Date "2017.10.29"]
[Round "9"]
[Board "51"]
[White "Schekachikhin, Maksim"]
[Black "Hakobyan, Hovhannes H."]
[Result "1-0"]
[WhiteElo "2348"]
[BlackElo "2212"]
[PlyCount "67"]
[EventDate "2017.10.21"]
[EventRounds "9"]
[EventCountry "RUS"]

1. d4 Nf6 2. c4 c5 3. d5 b5 4. cxb5 a6 5. bxa6 g6 6. Nc3 Bg7 7. g3 O-O 8. Bg2
d6 9. Nf3 Nxa6 10. O-O Bf5 11. Nh4 Bd7 12. Bd2 Qc7 13. Rb1 Rfb8 14. Re1 c4 15.
h3 Nc5 16. Be3 Qa5 17. Bd4 Ra6 18. Qc1 e5 19. dxe6 Bxe6 20. Rd1 Ncd7 21. Qd2
Ne5 22. Kh2 h6 23. f4 Nc6 24. Be3 d5 25. f5 gxf5 26. Bxh6 Ne4 27. Bxe4 dxe4 28.
Qg5 Qe5 29. Nxf5 Bxf5 30. Bxg7 Qxg7 31. Qxf5 Re8 32. Nd5 Nd4 33. Qd7 Ree6 34.
Rxd4  1-0